| 000 | 00589nam a2200205Ia 4500 | ||
|---|---|---|---|
| 005 | 20250425162815.0 | ||
| 008 | 250425s9999 xx 000 0 und d | ||
| 020 | _a9780081005996 | ||
| 041 |
_z _heng |
||
| 082 |
_a621.815 _pASH |
||
| 100 | _aAshby, Michael F. | ||
| 245 | 0 |
_aMaterials Selection In Mechanical Design _cMichael F. Ashby. |
|
| 260 |
_aOxford _bElsevier Ltd. _c2017. |
||
| 300 |
_a646 p. _bIlustrado _c23.6 cm |
||
| 500 | _aIncluye Tabla de Contenido, Indice | ||
| 650 |
_aMateriales _eMecánico _vDiseño |
||
| 902 |
_aLibro _cImpreso |
||
| 942 | _c01 | ||
| 010 | _a109377 | ||
| 999 |
_c236821 _d236821 |
||